banner koha

Ascorbic acid improves the survival and in vitro growth of isolated caprine preantral follicles (Registro n. 231281)

MARC details
000 -LÍDER
campo de controle de tamanho fixo 01011nas a2200349 4500
001 - NÚMERO DE CONTROLE
campo de controle BR2013007294
003 - IDENTIFICADOR DO NÚMERO DE CONTROLE
campo de controle BR-BrBNA
005 - DATA E HORÁRIO DA ÚLTIMA TRANSAÇÃO
campo de controle 20231205122925.0
007 - CAMPO FIXO DE DESCRIÇÃO FÍSICA--INFORMAÇÃO GERAL
campo de controle de tamanho fixo ta
008 - CAMPO DE DADOS FIXOS--INFORMAÇÃO GERAL
campo de controle de tamanho fixo 230509b bl.|||p| |||| 00| 00por d
040 ## - FONTE DA CATALOGAÇÃO
Instituição da catalogação original BR-BrBNA
Idioma da catalogação por
Instituição que transcreveu o registro Biblioteca Nacional de Agricultura
041 ## - CÓDIGO DE IDIOMA
Código do idioma do texto/trilha sonora ou título diferente (En)
072 ## - CÓDIGO DE CATEGORIA DE ASSUNTO
Código de Categoria de Assunto L53
100 1# - ENTRADA PRINCIPAL--NOME PESSOAL
Nome pessoal Silva, G.M.
100 1# - ENTRADA PRINCIPAL--NOME PESSOAL
Nome pessoal Araujo, V.R.
100 1# - ENTRADA PRINCIPAL--NOME PESSOAL
Nome pessoal Duarte, A.B.G.
100 1# - ENTRADA PRINCIPAL--NOME PESSOAL
Nome pessoal Chaves, R.N.
100 1# - ENTRADA PRINCIPAL--NOME PESSOAL
Nome pessoal Silva, C.M.G.
100 1# - ENTRADA PRINCIPAL--NOME PESSOAL
Nome pessoal Lobo, C.H.
100 1# - ENTRADA PRINCIPAL--NOME PESSOAL
Nome pessoal Almeida, A.P.
100 1# - ENTRADA PRINCIPAL--NOME PESSOAL
Nome pessoal Matos, M.H.T.
100 1# - ENTRADA PRINCIPAL--NOME PESSOAL
Nome pessoal Tavares, L.M.T.
100 1# - ENTRADA PRINCIPAL--NOME PESSOAL
Nome pessoal Campelo, C.C.
100 1# - ENTRADA PRINCIPAL--NOME PESSOAL
Nome pessoal Figueiredo, J.R.
245 1# - TÍTULO
Título Ascorbic acid improves the survival and in vitro growth of isolated caprine preantral follicles
650 ## - ASSUNTO--TERMO TÓPICO
Cabeçalho tópico ou nome geográfico CAPRINO
650 ## - ASSUNTO--TERMO TÓPICO
Cabeçalho tópico ou nome geográfico OVARIO
650 ## - ASSUNTO--TERMO TÓPICO
Cabeçalho tópico ou nome geográfico ACIDO ASCORBICO
773 0# - ENTRADA ANALÍTICA
Título Animal Reproduction (Brazil)
ISSN - International Standard Serial Number ISSN 1806-9614
Partes relacionadas (Jan-Jun 2011), v. 8(1-2) p. 14-24
Número de controle do registro BR2013007294
909 ## -
-- 202311
-- Lúcia
-- 55
-- Lúcia Elande
942 ## - ELEMENTOS DE ENTRADA ADICIONADOS (KOHA)
Fonte da classificação ou esquema de arquivamento na estante Classificação AGRIS
Ocultar no OPAC Não
Tipo de material Koha Analítica
Exemplares
Situação do descarte Fonte da classificação ou esquema de arquivamento na estante Situação física Não pode ser emprestado Biblioteca de origem Biblioteca atual Localização na estante Enumeração do periódico / cronologia Total de empréstimos Data de último acesso Número do exemplar Tipo de material Koha Fonte de aquisição
  Classificação AGRIS   Consulta local Biblioteca Nacional de Agricultura - Binagri Biblioteca Nacional de Agricultura - Binagri   (Jan-Jun 2011), v. 8(1-2) p. 14-24   29/11/2023 01 Periódicos Portaria Interministerial nº 164/94

BINAGRI

Telefone: (61)3218-2567/2388/3357/2097 - binagri@agro.gov.br

Ministério da Agricultura e Pecuária , Esplanada dos Ministérios, Bloco D, Anexo B, Brasília/DF, CEP: 70.043-900